| 000 | 00598nam a2200205Ia 4500 | ||
|---|---|---|---|
| 005 | 20230711111329.0 | ||
| 008 | 131103s9999 xx 000 0 und d | ||
| 040 | _aLoreto College | ||
| 041 | _aEnglish | ||
| 082 |
_a973 _bBUR |
||
| 100 | _aBurns,James MacGregor | ||
| 245 |
_aJohn Kennedy _b a Political Profile _cJames MacGregor Burns |
||
| 260 |
_aNew York _bAvan Book Division _c1960 |
||
| 300 | _a276 p. | ||
| 504 | _aIncludes bibliographical references and index | ||
| 650 | _aKennedy,John,1917 - 1963 | ||
| 651 | _aUnited States - History,1961 - 63 | ||
| 850 | _aLCLIB | ||
| 942 | _cBK | ||
| 999 |
_c7713 _d58192 |
||